Mastering autocad 13 for windows (Record no. 41405)

MARC details
000 -LEADER
fixed length control field 00330nam a2200133Ia 4500
082 ## - DEWEY DECIMAL CLASSIFICATION NUMBER
Classification number 681.31CAD
Item number OMU
100 ## - MAIN ENTRY--AUTHOR NAME
Personal name Omura, G
245 #0 - TITLE STATEMENT
Title Mastering autocad 13 for windows
250 ## - EDITION STATEMENT
Edition statement Ed.2
260 ## - PUBLICATION, DISTRIBUTION, ETC. (IMPRINT)
Place of publication New Delhi
Name of publisher BPB Publications
Year of publication 1997
650 ## - SUBJECT ADDED ENTRY--TOPICAL TERM
Topical Term Imaging 3D
942 ## - ADDED ENTRY ELEMENTS (KOHA)
Koha item type Books
Holdings
Withdrawn status Lost status Damaged status Not for loan Home library Current library Date acquired Cost, normal purchase price Full call number Accession Number Koha item type
        RRII Library RRII Library 16/12/2021 450.00 681.31CAD OMU 21692 Books